<?xml version="1.0" encoding="UTF-8"?><?xml-stylesheet type="text/xsl" href="static/style.xsl"?><OAI-PMH xmlns="http://www.openarchives.org/OAI/2.0/" xmlns:xsi="http://www.w3.org/2001/XMLSchema-instance" xsi:schemaLocation="http://www.openarchives.org/OAI/2.0/ http://www.openarchives.org/OAI/2.0/OAI-PMH.xsd"><responseDate>2026-04-14T04:33:36Z</responseDate><request verb="GetRecord" identifier="oai:www.recercat.cat:10256/19515" metadataPrefix="marc">https://recercat.cat/oai/request</request><GetRecord><record><header><identifier>oai:recercat.cat:10256/19515</identifier><datestamp>2024-06-18T11:51:14Z</datestamp><setSpec>com_2072_452955</setSpec><setSpec>com_2072_2054</setSpec><setSpec>col_2072_453063</setSpec></header><metadata><record xmlns="http://www.loc.gov/MARC21/slim" xmlns:dcterms="http://purl.org/dc/terms/" xmlns:xsi="http://www.w3.org/2001/XMLSchema-instance" xmlns:doc="http://www.lyncode.com/xoai" xsi:schemaLocation="http://www.loc.gov/MARC21/slim http://www.loc.gov/standards/marcxml/schema/MARC21slim.xsd">
   <leader>00925njm 22002777a 4500</leader>
   <datafield ind2=" " ind1=" " tag="042">
      <subfield code="a">dc</subfield>
   </datafield>
   <datafield ind2=" " ind1=" " tag="720">
      <subfield code="a">Deltell, Àlex</subfield>
      <subfield code="e">author</subfield>
   </datafield>
   <datafield ind2=" " ind1=" " tag="720">
      <subfield code="a">Mohamed, Abd El-Moez A.</subfield>
      <subfield code="e">author</subfield>
   </datafield>
   <datafield ind2=" " ind1=" " tag="720">
      <subfield code="a">Álvarez-Alonso, Pablo</subfield>
      <subfield code="e">author</subfield>
   </datafield>
   <datafield ind2=" " ind1=" " tag="720">
      <subfield code="a">Ipatov, Mihail</subfield>
      <subfield code="e">author</subfield>
   </datafield>
   <datafield ind2=" " ind1=" " tag="720">
      <subfield code="a">Andrés González, Juan Pedro</subfield>
      <subfield code="e">author</subfield>
   </datafield>
   <datafield ind2=" " ind1=" " tag="720">
      <subfield code="a">Gonzalez, Juan Antonio</subfield>
      <subfield code="e">author</subfield>
   </datafield>
   <datafield ind2=" " ind1=" " tag="720">
      <subfield code="a">Sánchez Fernández, Tatiana</subfield>
      <subfield code="e">author</subfield>
   </datafield>
   <datafield ind2=" " ind1=" " tag="720">
      <subfield code="a">Zhukov, Atcady</subfield>
      <subfield code="e">author</subfield>
   </datafield>
   <datafield ind2=" " ind1=" " tag="720">
      <subfield code="a">Escoda i Acero, Ma. Lluïsa</subfield>
      <subfield code="e">author</subfield>
   </datafield>
   <datafield ind2=" " ind1=" " tag="720">
      <subfield code="a">Suñol Martínez, Joan Josep</subfield>
      <subfield code="e">author</subfield>
   </datafield>
   <datafield ind2=" " ind1=" " tag="720">
      <subfield code="a">López Antón, Ricardo</subfield>
      <subfield code="e">author</subfield>
   </datafield>
   <datafield ind2=" " ind1=" " tag="260">
      <subfield code="c">2021-05</subfield>
   </datafield>
   <datafield ind2=" " ind1=" " tag="520">
      <subfield code="a">Melt-spun ribbons of nominal composition Ni50Mn36-xFexSn14 (x = 0, 2, and 3) were prepared by melt-spinning. The alloys undergo a martensitic transformation from L21 austenite to an orthorhombic 4O martensite on cooling, as determined by X-ray powder diffraction analysis. Replacement of Mn by Fe linearly reduces the characteristic temperatures of the martensitic transformation (the equilibrium temperature decreases from 328 to 285 K) and reduces the Curie temperature of the austenite phase (from 336 to 300 K), whereas the effect of the applied magnetic field on the martensite transition temperatures is negligible. Magnetic measurements (zero-field cooled, ZFC, and field cooled, FC, curves, AC susceptibility measurements) hint the coexistence of two different ferromagnetic martensitic magnetic phases. Moreover, the AC susceptibility measurements and the irreversibility of the ZFC and FC curves point towards the presence of antiferromagnetic and ferromagnetic interactions in the martensitic phase. All samples exhibit spontaneous exchange bias at 2 K, with double-shifted loops, whereas the evolution of the conventional exchange bias with the temperature agrees quite well with the behavior of ferromagnetic regions surrounded by spin-glass regions or with the coexistence of ferromagnetic–antiferromagnetic interactions. Ni50Mn36-xFexSn14 ribbons present a moderate inverse magnetocaloric effect (with a maximum of the magnetic entropy change of 5.7 Jkg−1K−1 for μ0H = 3 T for x = 3). It is worth to note that these materials feature a significant reservoir (up to 44 Jkg−1K−1 for x = 2) of magnetic entropy change, linked to the proximity of the austenitic ferromagnetic transition to the martensitic transformation</subfield>
   </datafield>
   <datafield ind2=" " ind1=" " tag="520">
      <subfield code="a">The support received from the following organizations is&#xd;
gratefully acknowledged: Spanish MINECO, project numbers:&#xd;
MAT2016-75967-P, MCIU-19-RTI2018-094683-B-C52, and&#xd;
PGC2018-099530-B-C31 (MCIU/AEI/FEDER, UE), Principality of&#xd;
Asturias, project number: IDI/2018/000185, and the Universidad de Castilla-La Mancha (Plan Propio de la Universidad&#xd;
de Castilla-La Mancha (FEDER, EU) for the “Grupo de Materiales Magneticos (GMM)   ”. We also thank the enlightening discussions with Prof. B. Hernando</subfield>
   </datafield>
   <datafield ind1="8" ind2=" " tag="024">
      <subfield code="a">http://hdl.handle.net/10256/19515</subfield>
   </datafield>
   <datafield tag="653" ind2=" " ind1=" ">
      <subfield code="a">Metalls -- Aliatges</subfield>
   </datafield>
   <datafield tag="653" ind2=" " ind1=" ">
      <subfield code="a">Metals -- Alloys</subfield>
   </datafield>
   <datafield tag="653" ind2=" " ind1=" ">
      <subfield code="a">Transformacions martensítiques</subfield>
   </datafield>
   <datafield tag="653" ind2=" " ind1=" ">
      <subfield code="a">Martensitic transformations</subfield>
   </datafield>
   <datafield tag="653" ind2=" " ind1=" ">
      <subfield code="a">Aliatges amb memòria de forma</subfield>
   </datafield>
   <datafield tag="653" ind2=" " ind1=" ">
      <subfield code="a">Shape memory alloys</subfield>
   </datafield>
   <datafield ind2="0" ind1="0" tag="245">
      <subfield code="a">Martensitic transformation, magnetic and magnetocaloric properties of Ni–Mn–Fe–Sn Heusler ribbons</subfield>
   </datafield>
</record></metadata></record></GetRecord></OAI-PMH>